[Event "SLO-chT1 East"]
[Site "Slovenia"]
[Date "2015.11.07"]
[Round "5"]
[White "Nikolic, Stanko"]
[Black "Urisek, Mitja"]
[Result "1-0"]
[WhiteElo "1883"]
[BlackElo "1979"]
[PlyCount "40"]
[EventDate "2015.10.16"]
[EventType "team-tourn"]
[EventRounds "9"]
[EventCountry "SLO"]
[SourceTitle "EXT 2019"]
[Source "ChessBase"]
[SourceDate "2018.10.10"]
[SourceVersion "1"]
[SourceVersionDate "2018.10.10"]
[SourceQuality "1"]
[WhiteTeam "Sentjur"]
[BlackTeam "Zalec"]
[WhiteTeamCountry "SLO"]
[BlackTeamCountry "SLO"]

1. e4 c5 2. Nf3 Nc6 3. d4 cxd4 4. Nxd4 Nf6 5. Nc3 d6 6. Be3 g6 7. f3 Bg7 8. Qd2 0-0 9. 0-0-0 Bd7 10. h4 h5 11. g4 Rc8 12. gxh5 Nxh5 13. Rg1 Ne5 14. Kb1 Nc4 15. Bxc4 Rxc4 16. b3 Rc8 17. Nde2 b5 18. Bd4 e5 19. Bxa7 Qxh4 20. Qxd6 Rfd8 1-0

[Event "SLO-chT1 Ost"]
[Site "Sentjur"]
[Date "2011.10.22"]
[Round "8"]
[White "Urisek, Mitja"]
[Black "Serdt, Simon"]
[Result "1/2-1/2"]
[WhiteElo "2036"]
[BlackElo "2251"]
[PlyCount "33"]
[EventDate "2011.10.13"]
[EventType "team-tourn"]
[EventRounds "9"]
[EventCountry "SLO"]
[SourceTitle "EXT 2022"]
[Source "ChessBase"]
[SourceDate "2021.10.06"]
[SourceVersion "1"]
[SourceVersionDate "2021.10.06"]
[SourceQuality "1"]
[WhiteTeam "Zalec"]
[BlackTeam "Maribor Kovinar Nova"]
[WhiteTeamCountry "SLO"]
[BlackTeamCountry "SLO"]

1. e4 c5 2. Nf3 Nc6 3. d4 cxd4 4. Nxd4 Qc7 5. Nxc6 dxc6 6. Bd3 e5 7. 0-0 Be6 8. Be3 Nf6 9. Qe2 Ng4 10. Nd2 Nxe3 11. Qxe3 Be7 12. Bc4 Bxc4 13. Nxc4 0-0 14. Qg3 Bf6 15. Ne3 g6 16. Rfd1 Rfd8 17. Qf3 1/2-1/2

[Event "SLO-chT1 East"]
[Site "Celje"]
[Date "2006.11.12"]
[Round "6"]
[White "Vidic, Branko"]
[Black "Urisek, Mitja"]
[Result "0-1"]
[WhiteElo "1946"]
[BlackElo "2042"]
[PlyCount "66"]
[EventDate "2006.11.04"]
[EventType "team"]
[EventRounds "9"]
[EventCountry "SLO"]
[SourceTitle "EXT 2008"]
[Source "ChessBase"]
[SourceDate "2007.11.25"]
[SourceVersion "1"]
[SourceVersionDate "2007.11.25"]
[SourceQuality "1"]

1. d4 Nf6 2. Nf3 d5 3. c4 e6 4. Nc3 Be7 5. e3 0-0 6. Bd3 c5 7. 0-0 Nc6 8. a3 cxd4 9. exd4 dxc4 10. Bxc4 b6 11. b4 Bb7 12. Bb2 Rc8 13. Qd3 Qc7 14. Bb3 Rfd8 15. Rad1 Ng4 16. d5 Nce5 17. Nxe5 Nxe5 18. Qe2 exd5 19. Nb5 Ba6 20. Nxc7 Bxe2 21. Bxe5 Bxd1 22. Rxd1 Bd6 23. Bxd6 Rxd6 24. Nxd5 Kf8 25. Kf1 Rcd8 26. Ke2 Re8+ 27. Kd3 Re5 28. Kd4 Re2 29. Rc1 g5 30. Rc2 Re1 31. Rc7 Rb1 32. Rc3 Rb2 33. Rf3 g4 0-1

[Event "IECG CB.2001.0.00021 email"]
[Site "IECG email"]
[Date "2001.11.28"]
[Round "?"]
[White "Perez, Maria Jose"]
[Black "Urisek, Mitja"]
[Result "1-0"]
[WhiteElo "1835"]
[BlackElo "1989"]
[PlyCount "43"]
[EventDate "2001.11.28"]
[EventType "tourn (corr)"]
[EventRounds "6"]
[SourceTitle "Corr 2008"]
[Source "ChessBase"]
[SourceDate "2008.06.24"]
[SourceVersion "1"]
[SourceVersionDate "2008.06.24"]
[SourceQuality "1"]

1. e4 e6 2. d4 d5 3. Nc3 Bb4 4. e5 c5 5. a3 Bxc3+ 6. bxc3 Ne7 7. Qg4 Qa5 8. Bd2 0-0 9. Bd3 f5 10. exf6 Rxf6 11. Qh5 Nf5 12. Nf3 Nc6 13. g4 c4 14. gxf5 cxd3 15. Rg1 dxc2 16. Ne5 Qc7 17. Ng4 Rf7 18. Nh6+ Kf8 19. Nxf7 Qxf7 20. Qxh7 Qxf5 21. Qxg7+ Ke8 22. Rg4 1-0

[Event "IECG CB.2001.0.00021 email"]
[Site "IECG email"]
[Date "2001.11.28"]
[Round "?"]
[White "Urisek, Mitja"]
[Black "Draba, Henryk"]
[Result "0-1"]
[WhiteElo "1989"]
[BlackElo "1963"]
[PlyCount "52"]
[EventDate "2001.11.28"]
[EventType "tourn (corr)"]
[EventRounds "6"]
[SourceTitle "Corr 2008"]
[Source "ChessBase"]
[SourceDate "2008.06.24"]
[SourceVersion "1"]
[SourceVersionDate "2008.06.24"]
[SourceQuality "1"]

1. e4 c6 2. d4 d5 3. Nc3 dxe4 4. Nxe4 Bf5 5. Ng3 Bg6 6. c3 e6 7. N1e2 Bd6 8. Nf4 Nf6 9. h4 Qc7 10. h5 Bxf4 11. Bxf4 Qxf4 12. hxg6 fxg6 13. Qd2 Qd6 14. Bd3 0-0 15. 0-0-0 Nbd7 16. Bc2 Rae8 17. Kb1 a5 18. Qe1 b5 19. Ne4 Nxe4 20. Qxe4 Nf6 21. Qe3 Qd5 22. f3 Qd6 23. Rde1 a4 24. Re2 a3 25. b4 Nd5 26. Qd2 Rd8 0-1

[Event "IECG CP.2000.Q.00001"]
[Site "IECG email"]
[Date "2001.10.01"]
[Round "?"]
[White "Urisek, Mitja"]
[Black "Copie, Jose Antonio"]
[Result "0-1"]
[WhiteElo "1987"]
[BlackElo "2558"]
[PlyCount "74"]
[EventDate "2001.10.01"]
[EventType "tourn (corr)"]
[EventRounds "6"]
[SourceTitle "Corr 2024"]
[Source "ChessBase"]
[SourceDate "2023.10.19"]
[SourceVersion "1"]
[SourceVersionDate "2023.10.19"]
[SourceQuality "1"]

1. e4 g6 2. d4 Bg7 3. Be3 d6 4. Nf3 Nf6 5. Nc3 0-0 6. h3 c6 7. a4 Qc7 8. Bd3 e5 9. 0-0 Re8 10. dxe5 dxe5 11. Qd2 Nbd7 12. Rad1 Nf8 13. Rfe1 Ne6 14. Bc4 Rd8 15. Qc1 Nh5 16. Bh6 Rxd1 17. Rxd1 Nhf4 18. Bxg7 Nxg7 19. Qe3 Be6 20. Bf1 f6 21. Nh2 Qb6 22. Qxb6 axb6 23. Ng4 Kf7 24. g3 Nfh5 25. Kg2 Ke7 26. Be2 Ne8 27. Ne3 Nhg7 28. f4 Nd6 29. Kf2 Nge8 30. Bf1 Nc7 31. Kf3 Na6 32. b3 Nc5 33. Rd2 h6 34. Bg2 Rd8 35. Rd1 Nd7 36. Ke2 Ra8 37. Kf2 Nc5 0-1

[Event "IECG C1.2000.0.00322"]
[Site "IECG email"]
[Date "2000.11.20"]
[Round "?"]
[White "Lannaioli, Alfonsino"]
[Black "Urisek, Mitja"]
[Result "1/2-1/2"]
[WhiteElo "1955"]
[BlackElo "1956"]
[PlyCount "67"]
[EventDate "2000.11.20"]
[EventType "tourn (corr)"]
[EventRounds "6"]
[SourceTitle "Corr 2008"]
[Source "ChessBase"]
[SourceDate "2008.06.24"]
[SourceVersion "1"]
[SourceVersionDate "2008.06.24"]
[SourceQuality "1"]

1. d4 d5 2. Nf3 Nf6 3. e3 e6 4. Bd3 c5 5. b3 Nc6 6. 0-0 b6 7. Bb2 Bb7 8. Nbd2 Be7 9. a3 0-0 10. Qe2 Qc7 11. Rac1 Rac8 12. c4 cxd4 13. exd4 Rfd8 14. c5 bxc5 15. dxc5 Nh5 16. g3 Bf6 17. Bxf6 Nxf6 18. b4 e5 19. Bf5 e4 20. Nh4 Rb8 21. f3 a5 22. fxe4 axb4 23. exd5 Nxd5 24. axb4 Ndxb4 25. Qe3 Nd4 26. Rf2 Rd5 27. Rc4 Nxf5 28. Nxf5 Re5 29. Qc3 Nd5 30. Qd4 f6 31. Rc1 Rd8 32. Rb1 Bc8 33. Nd6 Nc3 34. Qxc3 1/2-1/2

[Event "IECG C1.2000.0.00322"]
[Site "IECG email"]
[Date "2000.11.20"]
[Round "?"]
[White "Urisek, Mitja"]
[Black "Gonzales, Carlos"]
[Result "1/2-1/2"]
[WhiteElo "1956"]
[BlackElo "2000"]
[PlyCount "44"]
[EventDate "2000.11.20"]
[EventType "tourn (corr)"]
[EventRounds "6"]
[SourceTitle "Corr 2008"]
[Source "ChessBase"]
[SourceDate "2008.06.24"]
[SourceVersion "1"]
[SourceVersionDate "2008.06.24"]
[SourceQuality "1"]

1. e4 c5 2. Nf3 Nc6 3. d4 cxd4 4. Nxd4 Nf6 5. Nc3 e5 6. Ndb5 d6 7. Bg5 a6 8. Na3 b5 9. Bxf6 gxf6 10. Nd5 Bg7 11. c3 Ne7 12. Nxe7 Qxe7 13. Bd3 f5 14. 0-0 0-0 15. Nc2 Rb8 16. exf5 e4 17. Re1 Bxf5 18. Ne3 Bg6 19. Nd5 Qe5 20. Bc2 f5 21. f4 Qe8 22. Nc7 Qc6 1/2-1/2

[Event "IECG Q1.2000.0.00116"]
[Site "IECG email"]
[Date "2000.06.17"]
[Round "?"]
[White "Bendig, Frank"]
[Black "Urisek, Mitja"]
[Result "1-0"]
[WhiteElo "2093"]
[BlackElo "1956"]
[PlyCount "57"]
[EventDate "2000.06.04"]
[EventType "tourn (corr)"]
[EventRounds "6"]
[SourceTitle "Corr 2008"]
[Source "ChessBase"]
[SourceDate "2008.06.24"]
[SourceVersion "1"]
[SourceVersionDate "2008.06.24"]
[SourceQuality "1"]

1. b4 e5 2. Bb2 f6 3. b5 d5 4. e3 Be6 5. d4 e4 6. c4 dxc4 7. Nd2 Bb4 8. Rc1 c6 9. Bxc4 Bxc4 10. Rxc4 Qa5 11. bxc6 Nxc6 12. Ne2 Bxd2+ 13. Qxd2 Qxa2 14. Qc2 Nge7 15. 0-0 Qa6 16. Nf4 0-0 17. Ra4 Qb5 18. Ba3 Rf7 19. Rb1 Qf5 20. Rxb7 Rc8 21. Qa2 g5 22. Bxe7 gxf4 23. Bc5 Nd8 24. Rxf7 Nxf7 25. Rxa7 Qh5 26. h3 Rd8 27. Be7 Re8 28. Bxf6 fxe3 29. Ra5 1-0

[Event "IECG Q1.2000.0.00116"]
[Site "IECG email"]
[Date "2000.06.17"]
[Round "?"]
[White "Urisek, Mitja"]
[Black "Marfia, Jim"]
[Result "1/2-1/2"]
[WhiteElo "1956"]
[BlackElo "1981"]
[PlyCount "134"]
[EventDate "2000.06.04"]
[EventType "tourn (corr)"]
[EventRounds "6"]
[SourceTitle "Corr 2008"]
[Source "ChessBase"]
[SourceDate "2008.06.24"]
[SourceVersion "1"]
[SourceVersionDate "2008.06.24"]
[SourceQuality "1"]

1. e4 c5 2. Nf3 d6 3. d4 cxd4 4. Nxd4 Nf6 5. Nc3 g6 6. Be3 Bg7 7. f3 Nc6 8. Qd2 0-0 9. Bc4 Bd7 10. h4 Qa5 11. Bb3 Ne5 12. h5 Nxh5 13. Bh6 Bxh6 14. Qxh6 Rfc8 15. 0-0-0 Rxc3 16. bxc3 Nf6 17. Qe3 Rc8 18. Kb2 Qb6 19. Kc1 Qc5 20. Kb2 a5 21. a3 Rc6 22. Rb1 Rb6 23. Ka1 Qxa3+ 24. Ba2 Nc4 25. Qd3 Nb2 26. Qe3 e5 27. Qc1 exd4 28. Rxb2 Qxc3 29. Kb1 Rxb2+ 30. Qxb2 Qd2 31. c4 dxc3 32. Qxd2 cxd2 33. Rd1 Kf8 34. Rxd2 Ke7 35. Kb2 b5 36. Re2 Nh5 37. g4 Nf4 38. Rh2 h5 39. gxh5 gxh5 40. Rh4 Nd3+ 41. Kc3 Nc5 42. Rxh5 b4+ 43. Kb2 a4 44. Bd5 Be6 45. Kb1 Kf6 46. Ka2 Kg6 47. Rh8 Bxd5+ 48. exd5 Kf5 49. Rh5+ Kf6 50. f4 Ne4 51. Kb2 Nd2 52. Kc2 Nc4 53. Kd3 Nb6 54. Rh6+ Ke7 55. Rh5 Kd7 56. Rh7 Nxd5 57. Rxf7+ Kc6 58. Ra7 b3 59. f5 Kb6 60. Ra8 Kb5 61. Rb8+ Kc5 62. Rb7 Nf6 63. Kc3 d5 64. Ra7 d4+ 65. Kb2 Kb4 66. Rb7+ Kc4 67. Ra7 Kb4 1/2-1/2